<?xml version="1.0" encoding="UTF-8"?>
<record
    xmlns:xsi="http://www.w3.org/2001/XMLSchema-instance"
    xsi:schemaLocation="http://www.loc.gov/MARC21/slim http://www.loc.gov/standards/marcxml/schema/MARC21slim.xsd"
    xmlns="http://www.loc.gov/MARC21/slim">

  <leader>02616cam a22003255a 4500</leader>
  <controlfield tag="001">17966763</controlfield>
  <controlfield tag="005">20160728091712.0</controlfield>
  <controlfield tag="008">131209s2014    enk    frb    001 0 eng d</controlfield>
  <datafield tag="010" ind1=" " ind2=" ">
    <subfield code="a">  2013048896</subfield>
  </datafield>
  <datafield tag="020" ind1=" " ind2=" ">
    <subfield code="a">1107698839 (paperback)</subfield>
  </datafield>
  <datafield tag="020" ind1=" " ind2=" ">
    <subfield code="a">9781107698833 (paperback)</subfield>
  </datafield>
  <datafield tag="040" ind1=" " ind2=" ">
    <subfield code="a">DLC</subfield>
    <subfield code="b">eng</subfield>
    <subfield code="c">DLC</subfield>
    <subfield code="d">EG-ScBUE</subfield>
  </datafield>
  <datafield tag="042" ind1=" " ind2=" ">
    <subfield code="a">pcc</subfield>
  </datafield>
  <datafield tag="082" ind1="0" ind2="4">
    <subfield code="a">345</subfield>
    <subfield code="b">INT</subfield>
    <subfield code="2">22</subfield>
  </datafield>
  <datafield tag="245" ind1="0" ind2="3">
    <subfield code="a">An introduction to international criminal law and procedure /</subfield>
    <subfield code="c">Robert Cryer ... [et al.].</subfield>
  </datafield>
  <datafield tag="250" ind1=" " ind2=" ">
    <subfield code="a">3rd ed.</subfield>
  </datafield>
  <datafield tag="260" ind1=" " ind2=" ">
    <subfield code="a">Cambridge : </subfield>
    <subfield code="b">Cambridge University Press, </subfield>
    <subfield code="c">c.2014.</subfield>
  </datafield>
  <datafield tag="300" ind1=" " ind2=" ">
    <subfield code="a">lxxxvii, 616 p. ;</subfield>
    <subfield code="c">26 cm.</subfield>
  </datafield>
  <datafield tag="500" ind1=" " ind2=" ">
    <subfield code="a">Index : p. 596-616.</subfield>
  </datafield>
  <datafield tag="504" ind1=" " ind2=" ">
    <subfield code="a">Includes bibliographical references.</subfield>
  </datafield>
  <datafield tag="505" ind1="0" ind2=" ">
    <subfield code="a">Introduction : What is international criminal law? -- The aims, objectives and justification of international criminal law -- Jurisdiction -- National prosecutions of international crimes -- State cooperation with respect to national proceedings -- International Prosecution : The history of international criminal prosecutions : Nuremberg and Tokyo -- The ad hoc international criminal tribunals -- The International Criminal Court -- Other courts with international elements --Substative Law of International Crimes :  Genocide -- Crimes against humanity -- War crimes -- Aggression -- Transnational crimes, terrorism and torture -- General principles of liability -- Defences/grounds for excluding criminal responsibility --Principles and Procedures of International Prosecutions :  Procedures of international criminal investigations and prosecutions -- Victims in the international criminal process -- Sentencing and penalties -- Relationship between National and International Systems : State cooperation with the International Courts and Tribunals -- Immunities -- Alternatives and complements to criminal prosecution -- The future of international criminal law.</subfield>
  </datafield>
  <datafield tag="520" ind1=" " ind2=" ">
    <subfield code="a"> "By offering both a comprehensive update and new material reflecting the continuing development of the subject, this continues to be the leading textbook on international criminal law. Its experienced author team draws on its combined expertise as teachers, scholars and practitioners to offer an authoritative survey of the field. The third edition contains new material on the theory of international criminal law,"</subfield>
  </datafield>
  <datafield tag="650" ind1=" " ind2="7">
    <subfield code="a">International crimes.</subfield>
    <subfield code="2">BUEsh</subfield>
    <subfield code="9">40472</subfield>
  </datafield>
  <datafield tag="650" ind1=" " ind2="7">
    <subfield code="a">Criminal procedure (International law).</subfield>
    <subfield code="2">BUEsh</subfield>
    <subfield code="9">34998</subfield>
  </datafield>
  <datafield tag="650" ind1=" " ind2="7">
    <subfield code="a">International criminal courts.</subfield>
    <subfield code="2">BUEsh</subfield>
    <subfield code="9">13941</subfield>
  </datafield>
  <datafield tag="651" ind1=" " ind2=" ">
    <subfield code="2">BUEsh</subfield>
  </datafield>
  <datafield tag="653" ind1=" " ind2=" ">
    <subfield code="b">LLAAWW</subfield>
    <subfield code="c">July2016</subfield>
  </datafield>
  <datafield tag="700" ind1="1" ind2=" ">
    <subfield code="a">Cryer, Robert,</subfield>
    <subfield code="9">40487</subfield>
  </datafield>
  <datafield tag="942" ind1=" " ind2=" ">
    <subfield code="2">ddc</subfield>
    <subfield code="e">22</subfield>
    <subfield code="k">345 INT</subfield>
  </datafield>
  <datafield tag="999" ind1=" " ind2=" ">
    <subfield code="c">22040</subfield>
    <subfield code="d">22012</subfield>
  </datafield>
  <datafield tag="952" ind1=" " ind2=" ">
    <subfield code="0">0</subfield>
    <subfield code="1">0</subfield>
    <subfield code="2">ddc</subfield>
    <subfield code="4">0</subfield>
    <subfield code="7">0</subfield>
    <subfield code="8">Baccah</subfield>
    <subfield code="a">MAIN</subfield>
    <subfield code="b">MAIN</subfield>
    <subfield code="c">1ST</subfield>
    <subfield code="d">2016-07-26</subfield>
    <subfield code="e">Purchase</subfield>
    <subfield code="g">1026.00</subfield>
    <subfield code="h">26080</subfield>
    <subfield code="l">6</subfield>
    <subfield code="m">18</subfield>
    <subfield code="o">345 INT</subfield>
    <subfield code="p">000032961</subfield>
    <subfield code="q">2020-03-19</subfield>
    <subfield code="r">2020-02-27 00:00:00</subfield>
    <subfield code="s">2020-02-27</subfield>
    <subfield code="v">1282.50</subfield>
    <subfield code="y">BB</subfield>
  </datafield>
</record>
